000 01866cam a22003015a 4500
001 L145785
002 17298
008 081107s2008 xxka f v 001 0 eng d
020 _a9781842194065
035 _a(Sirsi) u145785
041 0 _aeng
050 0 4 _a692.8 $1 8
100 1 _aHughes, Simon
245 0 0 _aPayment in construction
_ba practical guide
260 _aLondon
_RICS $2 008
300 _axii, 208 p.
_bill. $2 4cm.
350 _a45.00
505 _aTable of cases -- Introduction -- Basic payment principles -- Types of contract -- The right to interim payments -- Payment notices -- Measurement and valuation in the JCT contract -- Measurement and valuation in the NEC contract -- Payment witholding and the right to suspend under HGCRA 1996 -- Contractor's remedies -- Appendices -- Index
520 _aDiscusses the principles of payment in construction. This very practical guide helps professionals to know their rights, obligations in payment matters. Provides advice to solve payment problems, in cases where the party considers that it has been underpaid, or not paid at all. Contains sections of "frequently asked questions", diagrams and case summaries throughout the book. Includes in the appendices: Appendix 1 - HGCRA 1996, sections 104-107 and 109-113; Appendix 2 - Scheme for construction Contracts (England and Wales) Regulations 1998; Appendix 3 - Scheme for Construction Contracts (Scotland) Regulations 1998; Appendix 4 - Scheme for Construction Contracts in Northern Ireland Regulations (Northern Ireland) 1999.
521 _aAdvanced
590 _aKA
650 2 4 _aHOUSING GRANTS, CONSTRUCTION AND REGENERATION ACT 1996
651 4 _aUnited Kingdom
_y
690 _aBUILT ENVIRONMENT-CONSTRUCTION MANAGEMENT-BUILDING CONTRACT ADMINISTRATION
700 1 _aMills, Richard
700 1 _aO'Brien, Peter
942 _n0
999 _c108921
_d108921